| 000 | 00556nam a2200193Ia 4500 | ||
|---|---|---|---|
| 003 | OSt | ||
| 005 | 20250507115457.0 | ||
| 008 | 190216s9999||||xx |||||||||||||| ||und|| | ||
| 020 | _a9788185716183 | ||
| 040 | _coclc | ||
| 082 |
_a421 _bSHA/E |
||
| 100 |
_aSharma, Pushpa _96568 |
||
| 245 | 0 |
_aEffective English : _bHow To Speak And Write / _cPushpa Sharma |
|
| 250 | _a1st Ed. | ||
| 260 |
_bVee Kumar Publications, _c2000. _aNew Delhi: |
||
| 300 | _a208p | ||
| 650 | _aEnglish General | ||
| 942 |
_cBK _2ddc _h421 _iSHA/E _k421 _mSHA/E |
||
| 999 |
_c15090 _d15090 |
||